| 000 | 01645nac a22003371u 4500 | ||
|---|---|---|---|
| 010 | _a 2004001239 | ||
| 020 | _a1583670955 (pbk.) | ||
| 020 | _a1583670963 (cloth) | ||
| 082 | 0 | 0 |
_a327.7305609 _bACH |
| 090 |
_c7189 _d7189 |
||
| 100 | _aAchcar, Gilbert. | ||
| 245 | 1 | 0 |
_aEastern cauldron : _bIslam, Afghanistan, Palestine and Iraq in a Marxist mirror / _cGilbert Achcar ; translated by Peter Drucker. |
| 260 |
_aNew York : _bMonthly Review Press,c.2004. _cc.2004. |
||
| 300 |
_a287 p. ; _c24 cm. |
||
| 500 | _aIncludes English translations of articles previously published in French. | ||
| 500 | _aDistributer: Baccah. | ||
| 504 | _aIncludes bibliographical references (p. 265-279) and index. | ||
| 505 | 0 | _aThe resurgence of Islamic fundamentalism -- Afghanistan: quagmire of the great powers -- Palestine: from one Intifada to the next -- Iraq: from one war to the next. | |
| 511 | _aCatalogued By: Mahitab. | ||
| 650 | 0 |
_aIslamic fundamentalism _zMiddle East. |
|
| 650 | 0 | _aIraq War, 2003- | |
| 650 | 0 | _aArab-Israeli conflict. | |
| 651 | 0 |
_aMiddle East _xForeign relations _zUnited States. |
|
| 651 | 0 |
_aUnited States _xForeign relations _zMiddle East. |
|
| 651 | 0 |
_aAfghanistan _xHistory _y1989-2001. |
|
| 651 | 0 |
_aAfghanistan _xHistory _y2001- |
|
| 856 | 4 | 1 |
_3Table of contents _uhttp://www.loc.gov/catdir/toc/ecip0413/2004001239.html |
| 856 | 4 | 1 |
_3Publisher description _uhttp://www.loc.gov/catdir/enhancements/fy0730/2004001239-d.html |
| 856 | 4 | 1 |
_3Contributor biographical information _uhttp://www.loc.gov/catdir/enhancements/fy0734/2004001239-b.html |
| 942 |
_cBB _k327.7305609ACH |
||
| 999 |
_c7189 _d7189 |
||